Normal view
MARC view
- Winged Dagger Advantures Special service
Entry Topical Term
001 - CONTROL NUMBER
- control field: 108419
003 - CONTROL NUMBER IDENTIFIER
- control field: NUST
005 - DATE AND TIME OF LATEST TRANSACTION
- control field: 20230201142448.0
008 - FIXED-LENGTH DATA ELEMENTS
- fixed length control field: 230201|| aca||aabn | a|a d
040 ## - CATALOGING SOURCE
- Original cataloging agency: NUST
- Transcribing agency: NUST
150 ## - HEADING--TOPICAL TERM
- Topical term or geographic name entry element: Winged Dagger Advantures Special service
670 ## - SOURCE DATA FOUND
- Source citation: Work cat.: (NUST)186977: Roy Farran 108418, Winged Dagger Advantures Special service /, 1951
